Los páramos en la mancomunidad del frente sur occidental de Tungurahua. (Registro nro. 17444)

Detalles MARC
000 -CABECERA
Campo de control 00779nam a22002297a 4500
005 - FECHA Y HORA DE LA ULTIMA TRANSACCION
Campo de control 20180803170126.0
008 - ELEMENTOS DE LONGITUD FIJA—INFORMACION GENERAL
Campo de control 150505b2008 ec ||||| |||| 00| 0 spa d
040 ## - FUENTE DE CATALOGACIÓN
Agencia catalogadora original CO-BoIAVH
Agencia transcriptora CO-BoIAVH
041 ## - IDIOMA
Código de idioma para texto/pista de sonido o título separado Español
044 ## - PAÍS DE PUBLICACIÓN
País de publicación Ecuador
082 04 - NUMERO DE CLASIFICACION DECIMAL DEWEY
Número de clasificación 577.38
Número del ítem P71p
245 00 - MENCION DE TITULO
Título Los páramos en la mancomunidad del frente sur occidental de Tungurahua.
246 ## - FORMA VARIANTE DEL TITULO
Título propiamente dicho/forma breve del título Los páramos en la mancomunidad del frente sur occidental
260 3# - PUBLICACION, DISTRIBUCION, ETC. (PIE DE IMPRENTA)
Lugar de publicación, distribución, etc. Quito :
Nombre del editor, distribuidor, etc. Plan Tel PPA,
Fecha de publicación, distribución, etc. 2008.
300 ## - DESCRIPCION FISICA
Extensión 34 p. :
Dimensiones 21 cm.
490 ## - MENCION DE SERIE
Mención de serie Hacia una metodología de planificación territorial en el Ecuador
650 #6 - ASIENTO SECUNDARIO DE MATERIA - TERMINO TEMATICO
Término temático o nombre geográfico como elemento de entrada Páramos.
Subdivisión geográfica Ecuador
650 ## - ASIENTO SECUNDARIO DE MATERIA - TERMINO TEMATICO
Término temático o nombre geográfico como elemento de entrada Ecosistemas
650 ## - ASIENTO SECUNDARIO DE MATERIA - TERMINO TEMATICO
Término temático o nombre geográfico como elemento de entrada Proyecto Páramo Andino
651 ## - ASIENTO SECUNDARIO DE MATERIA - NOMBRE GEOGRAFICO
Nombre geográfico Ecuador
Subdivisión geográfica Provincia de Tungurahua
942 ## - ELEMENTOS ADICIONALES (KOHA)
Sistema de clasificación Dewey Decimal Classification
Tipo de ítem Folleto
Existencias
Withdrawn status Lost status Sistema de Clasificación Damaged status No para préstamo Colección Inventariado Ubicación Permanente Ubicación actual Fecha de adquisición Total Checkouts Número topográfico Inventario / Código de Barras Date last seen Ejemplar Price effective from Forma de adquisición Tipo de material
    Dewey Decimal Classification     General Inventariado 2017 Bogotá Bogotá 05/05/2015   LB-577.38 P71p 039023 05/05/2015 Ej. 1 05/05/2015   Folleto